Click a Valid Country A-Z On A Map - Statistics

General Stats
  • This quiz has been taken 127 times
  • The average score is 20 of 24
Answers on the Map
Answers color-coded by a green-red scale on the quiz's map according to % correct below.
 
Answer Stats
Answer % Correct
R
90%
A
89%
F
87%
J
87%
B
86%
D
86%
I
86%
L
86%
S
86%
C
84%
E
84%
G
84%
M
84%
N
84%
U
84%
P
83%
T
83%
Y
83%
Q
82%
V
82%
K
81%
Z
80%
H
76%
O
76%
No matching quizzes found
Score Distribution
Percent of People with Each Score
Percentile by Number Answered
Your Score History
You have not taken this quiz